00419pab a2200145 454500008004000000100002400040245010200064260000900166300001600175362000800191650002900199650001300228700001400241773001800255180718b2008 xxu||||| |||| 00| 0 eng d aBourassa, Steven C. aTax deductions, tax credits and the homeownership rate of young urban adults in the United States c2008 ap.1141-161. aMay aTaxation - United States aTaxation aYin, Ming aUrban Studies